000 00850nam a2200265Ia 4500
003 OSt
005 20221007125545.0
006 a|||||r|||| 00| 0
007 ta
008 221006b |||||||| |||| 00| 0 eng d
020 _a818834253X (hbd)
_c800.00
024 _a14994
037 _b010, 30/06/2005, Dhanraj Book House
_cTextual
040 _aCDL
_cCDL
_beng
041 _2eng
_aeng
082 _aE9, P5-;1 Carc
100 _aBhakuni D S
245 0 _aBioactive marine natural products
_b Rawat D S
260 _aNew
_bDelhi Anamaya Publishers
_c2005
300 _axv, 382p.
_ccm.
500 _aIncludes bibliographical references; Index 355-382p.
700 _a Rawat D S
942 _hE9, P5-;1 Carc
_cTEXL
_2CC
999 _c1215493
_d1215493